[Event "AGAH  I"]
[Site "SchemingMind.com"]
[Date "2019.06.12"]
[Round "-"]
[White "grabapawn"]
[Black "JAHI"]
[Result "0-1"]
[WhiteCountry "USA"]
[BlackCountry "INT"]
[WhiteElo "1436"]
[WhiteRD "61"]
[BlackElo "1890"]
[BlackRD "70"]
[GameID "442317"]

1. a3 f6 2. d4 f5 3. Bf4 Nf6 4. e3 c6 5. Bd3 c5 6. c3 e6 7. Nf3 b6 8. Nbd2 Bb7 9. h4 Be7 10. Nc4 d6
11. Ng5 Bd5 12. f3 h6 13. Nh3 b5 14. Nd2 Qb6 15. Rg1 Na6 16. e4 fxe4 17. fxe4 Bc6 18. e5 dxe5 19. Bxe5 Nc7 20. Bg6+ Kd7
21. Nf4 Ncd5 22. Nh5 Nxh5 23. Qxh5 Bf6 24. Nf3 a6 25. Bxf6 gxf6 26. O-O-O a5 27. Rge1 a4 28. Bf7 Rae8 29. Bxe6+ Rxe6 30. Qf7+ Re7
31. Rxe7+ Kd8 32. Re6 Kc8 33. Rde1 Rd8 34. Nd2 cxd4 35. c4 bxc4 36. Ne4 c3 37. Nd6+ Rxd6 38. Rxd6 Qxb2+ 39. Kd1 Qd2#
0-1

[Event "AGAH  I"]
[Site "SchemingMind.com"]
[Date "2019.06.13"]
[Round "-"]
[White "Piotr Krol"]
[Black "grabapawn"]
[Result "0-1"]
[WhiteCountry "POL"]
[BlackCountry "USA"]
[WhiteElo "1123"]
[WhiteRD "89"]
[BlackElo "1475"]
[BlackRD "51"]
[GameID "442350"]

1. a3 g6 2. d4 d5 3. Bf4 Nf6 4. e3 Bf5 5. Nd2 Bg7 6. Ngf3 Nbd7 7. Ne5 Nh5 8. g4 Nxf4 9. exf4 Be6 10. Bd3 f6
0-1

[Event "AGAH  I"]
[Site "SchemingMind.com"]
[Date "2019.06.15"]
[Round "-"]
[White "grabapawn"]
[Black "Phillip Beckett"]
[Result "1-0"]
[WhiteCountry "USA"]
[BlackCountry "ENG"]
[WhiteElo "1465"]
[WhiteRD "54"]
[BlackElo "1571"]
[BlackRD "51"]
[GameID "442424"]

1. a3 e5 2. Nf3 Nc6 3. e3 d5 4. d4 exd4 5. exd4 Bg4 6. c3 Bd6 7. Be2 Nf6 8. h3 Bd7 9. Nbd2 O-O 10. Qc2 Re8
11. Nf1 Ne4 12. g3 Na5 13. Ne3 Nxg3 14. fxg3 Bxg3+ 15. Kd1 Bf4 16. Bd3 Bxe3 17. Bxh7+ Kf8 18. Bxe3 Rxe3 19. Qf2 Re8 20. Rg1 Nc4
21. Ng5 f6 22. Bg6 Re3 23. Nh7+ Kg8 24. Nxf6+ Qxf6 25. Qxf6 gxf6 26. Bf5+ Kf7 27. Bxd7 Rxh3 28. Bxh3
1-0

[Event "AGAH  I"]
[Site "SchemingMind.com"]
[Date "2019.06.18"]
[Round "-"]
[White "Phillip Beckett"]
[Black "JAHI"]
[Result "1-0"]
[WhiteCountry "ENG"]
[BlackCountry "INT"]
[WhiteElo "1508"]
[WhiteRD "49"]
[BlackElo "1897"]
[BlackRD "69"]
[GameID "442425"]

1. a3 f6 2. d4 f5 3. e4 fxe4 4. f3 exf3 5. Nxf3 Nf6 6. Bc4 e6 7. O-O b6 8. Ne5 Bb7 9. Bg5 Be7 10. Bxf6 Bxf6
11. Qh5+ Ke7 12. Qf7+ Kd6 13. Nc3
1-0

[Event "AGAH  I"]
[Site "SchemingMind.com"]
[Date "2019.06.16"]
[Round "-"]
[White "grabapawn"]
[Black "kenneth m day"]
[Result "0-1"]
[WhiteCountry "USA"]
[BlackCountry "USA"]
[WhiteElo "1503"]
[WhiteRD "51"]
[BlackElo "1709"]
[BlackRD "50"]
[GameID "442513"]

1. a3 Nf6 2. d4 d5 3. Bf4 Nc6 4. e3 Bf5 5. c3 h6 6. h3 e6 7. Bd3 Bxd3 8. Qxd3 Bd6 9. Bh2 O-O 10. Nd2 Re8
11. g4 e5 12. O-O-O e4 13. Qe2 Qd7 14. Nf1 Nd8 15. Ng3 g6 16. f3 Ne6 17. f4 c5 18. g5 hxg5 19. f5 gxf5 20. Nxf5 Bxh2
21. Rxh2 Nf8 22. Nh6+ Kg7 23. Ng4 Nxg4 24. hxg4 cxd4 25. Rxd4 Ng6 26. Nh3 f6 27. Kb1 Rh8 28. c4 Rh4 29. Rxd5 Qxg4 30. Qxg4 Rxg4
31. Rd7+ Kf8 32. Rhd2 Ne5 33. Rxb7 Nxc4 34. Rdd7 Nxe3 35. Rf7+ Ke8 36. Rh7 Rh4 37. Rhe7+ Kd8 38. Rg7 Rh8 39. Nf2 Re8 40. Rgd7+ Kc8
41. Rbc7+ Kb8 42. Rc6 f5 43. Rd4 Kb7 44. Rc3 Ng2 45. Rb4+ Ka6 46. Rcb3 Ka5 47. Rb5+ Ka6 48. Nd1 Re6 49. Nc3 Rb6 50. Rxb6+ axb6
51. Rb4 Rc8 52. Nd5 Rc6 53. Ra4+ Kb7 54. Ne7 Rc5 55. b4 Re5 56. Ng8 e3
0-1

[Event "AGAH  I"]
[Site "SchemingMind.com"]
[Date "2019.06.16"]
[Round "-"]
[White "Phillip Beckett"]
[Black "kenneth m day"]
[Result "0-1"]
[WhiteCountry "ENG"]
[BlackCountry "USA"]
[WhiteElo "1505"]
[WhiteRD "47"]
[BlackElo "1709"]
[BlackRD "50"]
[GameID "442514"]

1. a3 Nf6 2. d4 g6 3. c4 Bg7 4. Nc3 e6 5. Nf3 d5 6. cxd5 exd5 7. Bg5 O-O 8. e3 c6 9. Na4 Bf5 10. Bd3 Qc8
11. Qc2 Bxd3 12. Qxd3 Nbd7 13. O-O Ne4 14. Bf4 f5 15. Nc3 Qd8 16. Ne5 Nxe5 17. Bxe5 Bxe5 18. dxe5 Qd7 19. Nxe4 fxe4 20. Qb3 Rae8
21. f4 Re7 22. Qb4 Ref7 23. Qd4 b6 24. Rac1 Rf5 25. g4 R5f7 26. h3 c5 27. Qd2 d4 28. exd4 cxd4 29. Rfd1 d3 30. Rf1 Qd4+
31. Kh2 e3 32. Qc3 Rxf4 33. Qxd4 Rxd4 34. Rfe1 d2
0-1

[Event "AGAH  I"]
[Site "SchemingMind.com"]
[Date "2019.06.18"]
[Round "-"]
[White "kenneth m day"]
[Black "JAHI"]
[Result "1-0"]
[WhiteCountry "USA"]
[BlackCountry "INT"]
[WhiteElo "1745"]
[WhiteRD "53"]
[BlackElo "1891"]
[BlackRD "68"]
[GameID "442515"]

1. a3 f6 2. d4 f5 3. Nf3 Nf6 4. Nc3 e6 5. Bf4 b6 6. e3 Bb7 7. Be2 a6 8. O-O h6 9. Ne5 h5 10. Ng6 Rh6
11. Bxh6 gxh6 12. Bxh5 Nxh5 13. Qxh5 Qg5 14. Qxg5 hxg5 15. Ne5 a5 16. f3 Na6 17. Rad1 Bd6 18. e4 Bxe5 19. dxe5 Ke7 20. exf5 exf5
21. Nd5+ Ke6 22. Ne3 Rg8 23. b3 g4 24. fxg4 fxg4 25. Nc4 g3 26. h3 Nc5 27. Rf6+ Ke7 28. Rdf1 Bd5 29. Rh6 Kd8 30. Ne3 Be4
31. Rf4 Bc6 32. Rd4 Kc8 33. Nf5 Kb7 34. Rg4 Re8 35. Nxg3 Rxe5 36. Rh5 Re1+ 37. Kh2 Rc1 38. Rc4 Rd1 39. h4 Rd2 40. Rg5 Bxg2
41. Kg1 d6 42. h5 d5 43. Rh4 Rxc2 44. h6 Ne4 45. Nxe4 Bxe4 46. Rxe4 dxe4 47. h7 Rc1+ 48. Kh2 e3 49. Rg2 Rb1 50. h8=Q Rxb3
51. Qf8 a4 52. Rg8 b5 53. Rg1 b4 54. axb4 a3 55. Rg2 Rb2 56. Qf3+ Kb8 57. Qxe3 Rxb4 58. Qxa3 Rb5 59. Rg8+ Kb7 60. Qa8+ Kb6
61. Rb8+ Kc5 62. Rxb5+ Kxb5 63. Qb7+ Kc5 64. Qxc7+ Kd5 65. Kg3 Kd4 66. Kf4 Kd5 67. Qd7+ Kc5 68. Ke4 Kc4 69. Qc6+ Kb4 70. Kd3 Kb3
71. Qb6+ Ka4 72. Kc3 Ka3 73. Qb3#
1-0

[Event "AGAH  I"]
[Site "SchemingMind.com"]
[Date "2019.06.17"]
[Round "-"]
[White "kenneth m day"]
[Black "capablanca"]
[Result "1/2-1/2"]
[WhiteCountry "USA"]
[BlackCountry "GER"]
[WhiteElo "1709"]
[WhiteRD "50"]
[BlackElo "1678"]
[BlackRD "62"]
[GameID "442529"]

1. a3 d5 2. d4 Bf5 3. Nf3 e6 4. Bf4 Nc6 5. Nc3 Nf6 6. e3 a6 7. Bd3 Ne4 8. Nd2 Nxc3 9. bxc3 Bxd3 10. cxd3 Bd6
11. Qg4 Bxf4 12. Qxf4 O-O= 13. e4 Ne7 14. Nf3 Ng6 15. Qg3 c6 16. h4 Qa5 17. Kd2 b5 18. Qd6 Rac8 19. h5 Rfd8 20. Qg3 Ne7
21. h6 Ng6 22. hxg7 Kxg7 23. Ng5 Rh8 24. Qf3 Rcf8 25. e5 Qd8 26. Qg4 h6 27. Nf3 Kh7 28. Qh5 Kg7 29. Qg4 Rfg8 30. Nh4 Qg5+
31. Qxg5 hxg5 32. Nf3 f6 33. exf6+ Kxf6 34. Rae1 g4 35. Ne5 Nxe5 36. dxe5+ Kf5 37. d4 Kf4=
1/2-1/2

[Event "AGAH  I"]
[Site "SchemingMind.com"]
[Date "2019.06.17"]
[Round "-"]
[White "capablanca"]
[Black "grabapawn"]
[Result "1-0"]
[WhiteCountry "GER"]
[BlackCountry "USA"]
[WhiteElo "1678"]
[WhiteRD "62"]
[BlackElo "1503"]
[BlackRD "51"]
[GameID "442530"]

1. a3 c5 2. e4 Nc6 3. Nf3 e5 4. Bb5 d6 5. Nc3 Nf6 6. h3 Be7 7. d3 h6 8. Nd5 a6 9. Nxe7 Qxe7 10. Bc4 Na5
11. Ba2 Be6 12. Bxe6 Qxe6 13. Bd2 Nc6 14. c3 Ne7 15. O-O g5 16. Re1 g4 17. hxg4 Qxg4 18. Nh2 Qg7 19. Re3 h5 20. Rg3 Qh7
21. Rh3 Ng6 22. Nf3 Nf4 23. Bxf4 exf4 24. Nh4 O-O-O 25. Nf5 Rd7 26. Qf3 Kc7 27. Qxf4 Kc6 28. Ne3 Qg6 29. Rg3 Qh6 30. Qxh6 Rxh6
31. f3 h4 32. Rh3 d5 33. Nf5 Rh5 34. Rxh4 Rxh4 35. Nxh4 Nh5 36. Kf2 dxe4 37. dxe4 Rd2+ 38. Ke3 Rxb2 39. g4 Ng3 40. Nf5 Re2+
41. Kf4 Nxf5 42. Kxf5 Rf2 43. f4 b5 44. g5 Rf3 45. Rc1 a5 46. Kg4 Re3 47. e5 Kd5 48. Kf5 b4 49. axb4 axb4 50. cxb4 cxb4
51. g6 fxg6+ 52. Kxg6 b3 53. Rb1 Kc4 54. Kf6 Kc3 55. e6 b2 56. e7 Kc2 57. Rf1 b1=Q 58. Rxb1 Kxb1 59. f5 Kc2 60. Kf7 Rh3
61. e8=Q
1-0

[Event "AGAH  I"]
[Site "SchemingMind.com"]
[Date "2019.06.17"]
[Round "-"]
[White "capablanca"]
[Black "Phillip Beckett"]
[Result "1-0"]
[WhiteCountry "GER"]
[BlackCountry "ENG"]
[WhiteElo "1698"]
[WhiteRD "63"]
[BlackElo "1571"]
[BlackRD "51"]
[GameID "442531"]

1. a3 d5 2. d4 c5 3. dxc5 e5 4. b4 a5 5. Bb2 axb4 6. axb4 Rxa1 7. Bxa1 Nc6 8. c3 Nf6 9. e3 Be7 10. Nf3 Bg4
11. Be2 O-O 12. O-O e4 13. Nd4 Bxe2 14. Qxe2 Qc7 15. Na3 b6 16. Nf5 bxc5 17. Nxe7+ Qxe7 18. b5 Ne5 19. Nc2 Nd3 20. Rb1 Qd7
21. f3 c4 22. Nd4 exf3 23. Qxf3 Ne4 24. Qf5 Qxf5 25. Nxf5 Re8 26. b6 Rb8 27. Ne7+ Kf8 28. Nxd5 Nec5 29. Bb2 Nd7 30. Ba3+ N3c5
31. Rb5 Ke8 32. Bxc5 Nxc5 33. Rxc5
1-0

[Event "AGAH  I"]
[Site "SchemingMind.com"]
[Date "2019.06.18"]
[Round "-"]
[White "JAHI"]
[Black "capablanca"]
[Result "1-0"]
[WhiteCountry "INT"]
[BlackCountry "GER"]
[WhiteElo "2120"]
[WhiteRD "86"]
[BlackElo "1678"]
[BlackRD "62"]
[GameID "442532"]

1. a3 e5 2. d3 d5 3. d4 Nc6 4. dxe5 Nxe5 5. Nf3 Nxf3+ 6. exf3 Nf6 7. g3 Bf5 8. Bg2 Bc5 9. c3 O-O 10. h3 Re8+
11. Kf1 Bd7 12. Bg5 Be7 13. h4 Nh5 14. Kg1 Bxg5 15. hxg5 Qxg5 16. f4 Qg4 17. Bf3
1-0

[Event "AGAH  I"]
[Site "SchemingMind.com"]
[Date "2019.06.23"]
[Round "-"]
[White "Derek Price"]
[Black "capablanca"]
[Result "1-0"]
[WhiteCountry "ENG"]
[BlackCountry "GER"]
[WhiteElo "2284"]
[WhiteRD "75"]
[BlackElo "1678"]
[BlackRD "62"]
[GameID "442749"]

1. a3 d5 2. Nf3 Nf6 3. d4 Bf5 4. e3 e6 5. Nbd2 Bd6 6. c4 c5 7. cxd5 exd5 8. dxc5 Bxc5 9. Nb3 Bb6 10. Be2 O-O
11. O-O Nc6 12. Nbd4 Bg4 13. h3 Nxd4 14. exd4 Bh5 15. Bf4 Rc8 16. Re1 Ne4 17. Qb3 Bc7 18. Bxc7 Rxc7 19. Rac1 Nf6 20. g4 Bg6
21. Ne5 b6 22. Kg2 Qd6 23. Rxc7 Qxc7 24. Bb5 Bc2 25. Qe3 Be4+ 26. f3 Bg6 27. Rc1 Qb8 28. h4 h6 29. Nc6 Qb7 30. Ne7+ Kh8
31. Qe5 Nd7 32. Bxd7 Qxd7 33. Rc7 Qb5 34. Nxg6+
1-0

[Event "AGAH  I"]
[Site "SchemingMind.com"]
[Date "2019.06.23"]
[Round "-"]
[White "Phillip Beckett"]
[Black "Derek Price"]
[Result "0-1"]
[WhiteCountry "ENG"]
[BlackCountry "ENG"]
[WhiteElo "1505"]
[WhiteRD "47"]
[BlackElo "2284"]
[BlackRD "75"]
[GameID "442750"]

1. a3 Nf6 2. d4 e6 3. c4 c5 4. d5 exd5 5. cxd5 d6 6. Nc3 g6 7. e4 Bg7 8. f4 O-O 9. Nf3 Re8 10. Bd3 Nxe4
11. Nxe4 f5 12. O-O fxe4 13. Ng5 exd3 14. Qxd3 Bf5 15. Qc4 Nd7 16. Bd2 Bxb2 17. Rab1 Nb6 18. Rxb2 Nxc4 19. Ra2 Re2 20. Bc3 Rxa2
0-1

[Event "AGAH  I"]
[Site "SchemingMind.com"]
[Date "2019.06.23"]
[Round "-"]
[White "kenneth m day"]
[Black "Derek Price"]
[Result "0-1"]
[WhiteCountry "USA"]
[BlackCountry "ENG"]
[WhiteElo "1709"]
[WhiteRD "50"]
[BlackElo "2284"]
[BlackRD "75"]
[GameID "442751"]

1. a3 Nf6 2. d4 e6 3. Nf3 b6 4. c4 Bb7 5. e3 d5 6. Nc3 Be7 7. Bd3 O-O 8. O-O Nbd7 9. Bd2 c5 10. cxd5 exd5
11. Rc1 c4 12. Bf5 g6 13. Bh3 Qc7 14. Re1 Rfe8 15. Ne5 Nxe5 16. dxe5 Qxe5 17. Qe2 Rad8 18. Rcd1 Bc5 19. f3 d4 20. exd4 Qxd4+
21. Be3 Qxe3+ 22. Kh1 Qxe2 23. Nxe2 Rxd1
0-1

[Event "AGAH  I"]
[Site "SchemingMind.com"]
[Date "2019.06.23"]
[Round "-"]
[White "Derek Price"]
[Black "grabapawn"]
[Result "1-0"]
[WhiteCountry "ENG"]
[BlackCountry "USA"]
[WhiteElo "2284"]
[WhiteRD "75"]
[BlackElo "1503"]
[BlackRD "51"]
[GameID "442752"]

1. a3 d5 2. Nf3 Nf6 3. g3 Nbd7 4. d4 c6 5. Bg2 e6 6. O-O Be7 7. Qd3 Qc7 8. Bf4 Bd6 9. Bxd6 Qxd6 10. c4 Nf8
11. Nc3 Ng6 12. Nd2 h5 13. e4 Ng4 14. cxd5 exd5 15. exd5 h4 16. Nc4 Qf6 17. h3 Bd7 18. Ne4 Qe7 19. hxg4 Bxg4 20. Ned6+ Kf8
21. Rfe1 Qd7 22. dxc6 bxc6 23. d5 Bh3 24. dxc6 Bxg2 25. cxd7
1-0

[Event "AGAH  I"]
[Site "SchemingMind.com"]
[Date "2019.06.26"]
[Round "-"]
[White "JAHI"]
[Black "Derek Price"]
[Result "0-1"]
[WhiteCountry "INT"]
[BlackCountry "ENG"]
[WhiteElo "1890"]
[WhiteRD "70"]
[BlackElo "2280"]
[BlackRD "75"]
[GameID "442753"]

1. a3 Nf6 2. d3 d5 3. Bg5 Nbd7 4. Bxf6 Nxf6 5. g3 c6 6. Bg2 Qb6 7. b3 e5 8. Nd2 Bd6 9. h3 O-O 10. e3 Re8
11. Qe2 h6 12. h4 Qa5 13. Nh3 Bxa3 14. f3 Qc5 15. Nf2 Nh5 16. Nf1 Qc3+
0-1

[Event "AGAH  I"]
[Site "SchemingMind.com"]
[Date "2019.06.30"]
[Round "-"]
[White "Andoni Zabala"]
[Black "capablanca"]
[Result "1-0"]
[WhiteCountry "INT"]
[BlackCountry "GER"]
[WhiteElo "1740"]
[WhiteRD "95"]
[BlackElo "1678"]
[BlackRD "62"]
[GameID "442964"]

1. a3 e5 2. c4 d5 3. cxd5 Qxd5 4. Nc3 Qd8 5. Nf3 Nc6 6. b4 a6 7. Bb2 Nf6 8. h3 Bd6 9. e3 O-O 10. Bc4 e4
11. Ng5 Bf5 12. Qc2 Ne5 13. Ba2 Nd3+ 14. Ke2 Nxb2 15. Nxf7 Rxf7 16. Bxf7+ Kxf7 17. Qxb2 Be5 18. Qb3+ Be6 19. Qc2 Bc4+ 20. Ke1 Bd3
21. Qb3+ Kf8 22. Rc1 Qd6 23. Ne2 Rd8 24. Rd1 Qc6 25. Rc1 Qb5 26. Rc5 Qe8 27. Nf4 Bxf4 28. exf4 c6 29. Re5 Qg6 30. Qe6 Qxg2
31. Qe7+ Kg8 32. Qxd8+ Kf7 33. Qe7+ Kg6 34. Rg5+
1-0

[Event "AGAH  I"]
[Site "SchemingMind.com"]
[Date "2019.06.30"]
[Round "-"]
[White "Andoni Zabala"]
[Black "Derek Price"]
[Result "0-1"]
[WhiteCountry "INT"]
[BlackCountry "ENG"]
[WhiteElo "1776"]
[WhiteRD "83"]
[BlackElo "2282"]
[BlackRD "77"]
[GameID "442965"]

1. a3 Nf6 2. c4 e6 3. Nc3 c5 4. g3 g6 5. Bg2 Bg7 6. Nf3 O-O 7. O-O Nc6 8. d4 cxd4 9. Nxd4 Nxd4 10. Qxd4 Nd5
11. Qd3 Nxc3 12. bxc3 Qa5 13. Bd2 Rd8 14. Rfb1 Qc7 15. Rb3 Rb8 16. Rab1 b6 17. e4 Ba6 18. Bf1 Rbc8 19. Rb4 d5 20. exd5 exd5
21. Qe3 Bxc4 22. Bh3 Ra8 23. Re1 Bf8 24. Qd4 Re8 25. a4 Rxe1+ 26. Bxe1 Bc5 27. Qf6 Re8 28. Rb1 Re4 29. Bd2 Be7 30. Qf3 Be2
31. Qg2 Qc4 32. Bd7 Qa2 33. f3 Qxb1+ 34. Kf2 Bc5+ 35. Be3 Bxe3+ 36. Kxe2 Qc2+ 37. Kf1 Qd1#
0-1

[Event "AGAH  I"]
[Site "SchemingMind.com"]
[Date "2019.06.30"]
[Round "-"]
[White "grabapawn"]
[Black "Andoni Zabala"]
[Result "0-1"]
[WhiteCountry "USA"]
[BlackCountry "INT"]
[WhiteElo "1475"]
[WhiteRD "51"]
[BlackElo "1776"]
[BlackRD "83"]
[GameID "442966"]

1. a3 d5 2. d4 Nf6 3. Bf4 Bf5 4. e3 e6 5. c3 Be7 6. h3 Nbd7 7. g4 Bxb1 8. Qxb1 c5 9. Be2 c4 10. h4 Ne4
11. g5 b5 12. Bf3 Nd6 13. Nh3 g6 14. h5 Nf8 15. e4 gxh5 16. exd5 Ng6 17. dxe6 Nxf4 18. Nxf4 Bxg5 19. exf7+ Kxf7 20. Bxh5+ Ke7
21. Nd5+ Kd7 22. Bg4+ Kc6 23. Bf3 Rb8 24. Ne7+ Kd7 25. Nc6 Qe8+ 26. Kf1 h6 27. Nxb8+ Qxb8 28. Qg6 Rf8 29. Bg4+ Kc7 30. Qg7+ Kb6
31. Qe5 Be3 32. Qc5+ Ka5 33. Qb4+ Kb6 34. Qc5+ Ka5 35. b4+ cxb3 36. f3 b2 37. Rb1 Ne4 38. Qb4+ Ka6 39. Ke2 Bc1 40. a4 Ng3+
41. Kd1 Nxh1 42. axb5+ Qxb5 43. Qxb5+ Kxb5
0-1

[Event "AGAH  I"]
[Site "SchemingMind.com"]
[Date "2019.06.30"]
[Round "-"]
[White "Phillip Beckett"]
[Black "Andoni Zabala"]
[Result "0-1"]
[WhiteCountry "ENG"]
[BlackCountry "INT"]
[WhiteElo "1505"]
[WhiteRD "47"]
[BlackElo "1740"]
[BlackRD "95"]
[GameID "442967"]

1. a3 e5 2. e4 Nf6 3. Nc3 Bc5 4. Nf3 O-O 5. Be2 Re8 6. O-O c6 7. d3 d5 8. exd5 cxd5 9. Bg5 d4 10. Ne4 Nbd7
11. Nxf6+ Nxf6 12. Nh4 a5 13. Nf3 Qb6 14. b3 Nd5 15. Nd2 Nc3 16. Qe1 Nxe2+ 17. Qxe2 e4 18. dxe4 Qg6 19. Bh4 b6 20. Qf3 Bb7
21. Qg3 Bxe4 22. Qxg6 Bxg6 23. Rfc1 Re2 24. Kf1 Rae8 25. Nf3 Rxc2 26. Rxc2 Bxc2 27. b4 axb4 28. axb4 Bd3+ 29. Kg1 Bxb4 30. Nxd4 Bc3
0-1

[Event "AGAH  I"]
[Site "SchemingMind.com"]
[Date "2019.06.30"]
[Round "-"]
[White "kenneth m day"]
[Black "Andoni Zabala"]
[Result "1-0"]
[WhiteCountry "USA"]
[BlackCountry "INT"]
[WhiteElo "1709"]
[WhiteRD "50"]
[BlackElo "1740"]
[BlackRD "95"]
[GameID "442968"]

1. a3 g6 2. e4 Bg7 3. d4 d6 4. Nc3 e6 5. Nf3 Ne7 6. Be3 O-O 7. Be2 Nd7 8. Qd2 a6 9. h4 c5 10. h5 cxd4
11. Bxd4 Nf6 12. hxg6 fxg6 13. O-O-O b5 14. Bxf6 Rxf6 15. e5 Rf7 16. exd6 Nf5 17. Ne4 Bb7 18. Neg5 Qf6 19. c3 Bh6 20. Rxh6 Nxh6
21. Nxf7 Nxf7 22. Qe3 Rd8 23. d7 Bd5 24. Qb6 Rxd7 25. Qxa6 Ne5 26. Nxe5 Qg5+ 27. Kb1 Bb7 28. Qxe6+
1-0

[Event "AGAH  I"]
[Site "SchemingMind.com"]
[Date "2019.07.02"]
[Round "-"]
[White "Andoni Zabala"]
[Black "JAHI"]
[Result "0-1"]
[WhiteCountry "INT"]
[BlackCountry "INT"]
[WhiteElo "1764"]
[WhiteRD "85"]
[BlackElo "1904"]
[BlackRD "69"]
[GameID "442969"]

1. a3 f6 2. d4 f5 3. Nc3 Nf6 4. Bf4 e6 5. Qd2 b6 6. O-O-O a6 7. h4 a5 8. Nf3 a4 9. e3 Bb7 10. Bxc7 Qxc7
11. Nb5 Qd8 12. Ne5 Nc6 13. f3 d6 14. Nc4 d5 15. Ne5 Nxe5 16. dxe5 Nd7 17. f4 Ra5 18. Nd6+ Bxd6 19. exd6 Nc5 20. Qd4 Qxd6
21. Qxg7 Rf8 22. g4 Qe7 23. Qxe7+ Kxe7 24. g5 Ne4 25. Rh2 Ba6 26. Bxa6 Rxa6 27. Rg1 b5 28. h5 Rg8 29. c3 Kd7 30. h6 Rg6
31. Kc2 Nc5 32. Re2 Kc6 33. Reg2 Ra8 34. Re2 Re8 35. Rge1 e5 36. Kd1 Nd3 37. Rf1 exf4 38. Kc2 Nc5 39. Ref2 Rxg5 40. Rxf4 Re5
41. Kd2 Rg2+ 42. R1f2 Ne4+ 43. Rxe4 Rxf2+ 44. Ke1 fxe4
0-1